000
00314nam a2200109Ia 4500
008
210107s9999 xx 000 0 und d
100
_a
HMSO
245
0
_a
Manual of Firemanship : A survey of the science of fire-fighting; Fire Brigade Equipment (Book 2)
260
_a
London
_b
HMSO
300
_a
199
942
_c
BK
999
_c
11343
_d
11343